000 00745nam a2200265Ia 4500
003 OSt
005 20220918220937.0
006 a|||||r|||| 00| 0
007 ta
008 220917b |||||||| |||| 00| 0 eng d
024 _a147,511
037 _cTextual
040 _aARTS
_cARTS
_beng
041 _2eng
_aeng
082 _aY53:6.73, M2
100 _aJohnson Dale L Ed
_9138579
245 0 _aClass and social development
_b A new theory of the middle class
260 _aBervely
_bHills NA
_c1982
300 _a295p.
_ccm.
490 _aClass state and development; 1
500 _aBibliography p281-294
650 _aSOCIOLOGY
942 _hY53:6.73, M2
_cTEXL
_2CC
999 _c270250
_d270250